Statistics for Countries of the World In Portuguese

Click here to take the quiz!

General Stats

  • This quiz has been taken 234 times
  • The average score is 90 of 196

Answers on the Map

Answers color-coded by a green-red scale on the quiz's map according to % correct below.
 

Answer Stats

País% Correct
Brasil
95%
Portugal
93%
Canadá
92%
Itália
91%
Rússia
91%
Estados Unidos
90%
Argentina
89%
China
89%
França
88%
México
88%
Austrália
85%
Espanha
85%
Índia
85%
Chile
83%
Alemanha
82%
Colômbia
79%
Japão
79%
Reino Unido
79%
Suécia
79%
Uruguai
79%
Noruega
77%
Ucrânia
77%
África do Sul
76%
Angola
76%
Bolívia
76%
Finlândia
76%
Paraguai
76%
Peru
76%
Suíça
76%
Madagáscar
75%
Polônia
74%
Dinamarca
73%
Irlanda
73%
Venezuela
73%
Israel
72%
Coreia do Sul
71%
Áustria
70%
Grécia
70%
Coreia do Norte
69%
Cuba
69%
Equador
69%
Turquia
69%
Islândia
67%
Marrocos
67%
Croácia
66%
Egito
66%
Bélgica
65%
Indonésia
65%
Mongólia
64%
Países Baixos
64%
Nova Zelândia
63%
Estônia
62%
Lituânia
62%
Níger
61%
Panamá
61%
Arábia Saudita
60%
Guiné
60%
Cabo Verde
58%
Sérvia
58%
Argélia
57%
Letónia
56%
Romênia
56%
Suriname
56%
Albânia
55%
Paquistão
55%
Cazaquistão
54%
Eslováquia
54%
Guiana
54%
Malta
54%
Bielorrússia
53%
Bulgária
53%
Hungria
53%
Luxemburgo
53%
Filipinas
52%
Iraque
52%
Nigéria
50%
Tunísia
50%
Vaticano
50%
Armênia
49%
Chipre
49%
Costa Rica
49%
Moçambique
49%
Somália
49%
Sri Lanka
49%
Jamaica
48%
Montenegro
48%
Nepal
48%
Eslovénia
47%
Honduras
47%
República Checa
47%
Sudão
47%
Omã
46%
Haiti
45%
Andorra
44%
Guatemala
44%
Líbia
44%
Mônaco
44%
Tailândia
44%
Afeganistão
43%
Catar
43%
El Salvador
42%
Geórgia
42%
Kosovo
42%
Síria
42%
Camarões
40%
Líbano
40%
Macedónia do Norte
40%
República Dominicana
40%
Senegal
40%
Taiwan
40%
Laos
39%
Papua Nova Guiné
39%
Bahamas
38%
Belize
38%
Emirados Árabes
Unidos
38%
Jordânia
38%
Nicarágua
38%
Sudão do Sul
38%
Etiópia
37%
Zâmbia
37%
Butão
36%
Iémen
36%
Mali
36%
Moldávia
36%
Fiji
35%
Namíbia
35%
República Democrática
do Congo
35%
Gana
34%
Irão
34%
Malásia
34%
Uzbequistão
34%
San Marino
33%
Bangladesh
32%
Guiné-Bissau
32%
Lesoto
32%
República do Congo
32%
Azerbaijão
31%
Maldivas
31%
São Tomé e Príncipe
31%
Zimbábue
31%
Quirguistão
30%
Camboja
29%
Chade
29%
Costa do Marfim
29%
Quênia
29%
Uganda
28%
Bósnia e Herzegovina
27%
Guiné Equatorial
27%
Liechtenstein
27%
Singapura
27%
Togo
26%
Vietname
25%
Barbados
24%
Botswana
24%
Libéria
24%
Mauritânia
24%
Tanzânia
24%
Brunei
23%
Burkina Faso
23%
Eritreia
21%
Malawi
21%
Ruanda
21%
Serra Leoa
21%
Tajiquistão
21%
Timor-Leste
21%
Gâmbia
20%
República
Centro-Africana
20%
Burundi
19%
Dominica
19%
Gabão
19%
Tuvalu
19%
Granada
18%
Palau
18%
Seychelles
18%
Tonga
18%
Samoa
17%
Bahrein
15%
Djibouti
15%
Nauru
15%
Santa Lúcia
15%
Turquemenistão
15%
Vanuatu
15%
Benim
13%
Kiribati
13%
Comores
12%
Essuatíni
12%
Trinidad e Tobago
12%
Antígua e Barbuda
11%
Ilhas Marshall
11%
Maurícia
11%
Ilhas Salomão
10%
Birmânia
8%
Estados Federados da
Micronésia
7%
São Vicente e
Granadinas
6%
Kuweit
5%
São Cristóvão
e Nevis
5%

Score Distribution

Percentile by Number Answered

Percent of People with Each Score

Your Score History

You have not taken this quiz